Normal view
MARC view
- العماوي، غفران احمد سليم
Entry Personal Name
001 - CONTROL NUMBER
- control field: 65366
003 - CONTROL NUMBER IDENTIFIER
- control field: JO-AjAnu
005 - DATE AND TIME OF LATEST TRANSACTION
- control field: 20240415100553.0
008 - FIXED-LENGTH DATA ELEMENTS
- fixed length control field: 240415|| aca||aabn | a|a d
040 ## - CATALOGING SOURCE
- Original cataloging agency: JO-AjAnu
100 ## - HEADING--PERSONAL NAME
- Personal name: العماوي، غفران احمد سليم
- Relator term: معد